The moral meaning of revolution /

Bibliographic Details
Main Author: Gunnemann, Jon P.
Format: Book
Language:English
Published: New Haven : Yale University Press, 1979.
Subjects:

MARC

Tag First Indicator Second Indicator Subfields
LEADER 00000pam a2200000 a 4500
001 in00000551908
005 20151014051046.0
008 790307s1979 ctu b 00110 engm
010 |a  79010219  
020 |a 0300019971 
035 |a (OCoLC)04775401 
035 |9 ACJ2068AM 
040 |a DLC  |c DLC  |d m.c.  |d TXA  |d UtOrBLW 
049 |a TXAM  |c [937875] 
050 0 0 |a BT738.3  |b .G86 1979 
082 0 |a 261.7 
100 1 |a Gunnemann, Jon P. 
245 1 4 |a The moral meaning of revolution /  |c Jon P. Gunnemann. 
264 1 |a New Haven :  |b Yale University Press,  |c 1979. 
300 |a xi, 277 pages ;  |c 22 cm. 
336 |a text  |b txt  |2 rdacontent 
337 |a unmediated  |b n  |2 rdamedia 
338 |a volume  |b nc  |2 rdacarrier 
504 |a Includes bibliographical references and index. 
650 0 |a Revolutions  |x Religious aspects  |x Christianity. 
650 0 |a Revolutions  |x Moral and ethical aspects. 
650 0 |a Revolutions  |x Religious aspects. 
999 |a MARS 
999 f f |s 61c93507-2ae3-3b6a-83ce-d5ca5ba2618c  |i ec98bb24-4715-3913-aada-10fed2e08072  |t 0 
952 f f |p ric  |a Texas A&M University  |b Rellis Campus  |c Joint Library Facility  |d Remote Storage  |t 0  |e BT738.3 .G86 1979  |h Library of Congress classification  |i unmediated -- volume  |m A14808942847 
998 f f |a BT738.3 .G86 1979  |t 0  |l Remote Storage